Lautapelejä - Statistics

Yleistilastot
  • Tätä visaa on pelattu 208 kertaa
  • Keskiarvotulos 8 / 16
Vastaustilastot
Kuvavisa Vastaus % Oikein
Afrikan tähti
99%
Arvaa kuka
97%
Kimble
92%
Muuttuva labyrintti
81%
Trivial pursuit
79%
Alias
70%
Kanin loikka
56%
Blokus
52%
Choco
44%
Operation
31%
Ubongo
25%
Eläinpyramidi
22%
Othello
19%
Codenames
9%
Myyräpeli
6%
Zooloretto
1%
Ehtoja vastaavia visoja ei löytynyt
Tulosjakauma
Jokaisen tuloksen saaneiden osuus
Persentiili vastausten määrän mukaan
Tuloshistoriasi
Et ole pelannut tätä visaa